000 00369nam a22001697a 4500
003 MPLRDC
005 20220104114606.0
008 210129b ||||| |||| 00| 0 eng d
082 _a150 LY
100 _a李怡编著
245 _a逻辑学初步
_c
250 _a四版
260 _a
_b益群出版社
_c1968
300 _b
650 _a
942 _cBK
_o150 LY
999 _c8686
_d8676